[Event "Saratov op"]
[Site "Saratov"]
[Date "2008.12.18"]
[Round "6"]
[White "Lebedev, Sergey"]
[Black "Dmitriev, Igor"]
[Result "0-1"]
[WhiteElo "2325"]
[BlackElo "2350"]
[PlyCount "78"]
[EventDate "2008.12.13"]
[EventType "swiss"]
[EventRounds "9"]
[EventCountry "RUS"]
[SourceTitle "EXT 2010"]
[Source "ChessBase"]
[SourceDate "2010.11.25"]
[SourceVersion "1"]
[SourceVersionDate "2010.11.25"]
[SourceQuality "1"]

1. d4 d6 2. c4 e5 3. Nf3 Nc6 4. Nc3 f6 5. h3 g6 6. e4 Bh6 7. Be2 Bxc1 8. Rxc1 Nh6 9. c5 dxc5 10. dxe5 Nxe5 11. Nxe5 fxe5 12. Qd5 Qe7 13. Na4 Nf7 14. 0-0 c6 15. Qxc5 Qxc5 16. Nxc5 Ke7 17. b4 a5 18. b5 cxb5 19. Bxb5 Nd6 20. Rb1 Be6 21. a3 Rac8 22. Rfc1 Ba2 23. Rb2 Bc4 24. Bxc4 Rxc5 25. Rbc2 Rhc8 26. Bd3 Rxc2 27. Rxc2 Rxc2 28. Bxc2 Nb5 29. a4 Nc3 30. Kf1 Kd6 31. h4 Kc5 32. g3 Kd4 33. f3 Ke3 34. Kg2 h6 35. f4 exf4 36. e5 f3+ 37. Kf1 Ne2 38. Bd3 Nxg3+ 39. Kg1 Kxd3 0-1

[Event "Sukhumi op"]
[Site "Sukhumi"]
[Date "2008.08.03"]
[Round "1"]
[White "Lebedev, Sergey"]
[Black "Kopeikin, Yuri"]
[Result "0-1"]
[WhiteElo "2325"]
[BlackElo "2107"]
[PlyCount "64"]
[EventDate "2008.08.03"]
[EventType "swiss"]
[EventRounds "9"]
[EventCountry "GEO"]
[SourceTitle "CBM 126 Extra"]
[Source "ChessBase"]
[SourceDate "2008.11.05"]
[SourceVersion "1"]
[SourceVersionDate "2008.11.05"]
[SourceQuality "1"]

1. d4 Nf6 2. c4 g6 3. Nc3 Bg7 4. e4 d6 5. f4 0-0 6. Nf3 c5 7. d5 e6 8. Be2 exd5 9. cxd5 Re8 10. e5 dxe5 11. fxe5 Ng4 12. Bg5 Qa5 13. 0-0 c4 14. Kh1 Nxe5 15. Nxe5 Bxe5 16. d6 Be6 17. Qd2 Nd7 18. Be7 b5 19. a3 Rab8 20. Bf3 Qb6 21. Rad1 b4 22. Nd5 Qa5 23. Nxb4 c3 24. bxc3 Qxa3 25. Nd5 Rec8 26. Rc1 Rb2 27. Qd1 Qa2 28. Ra1 Qc4 29. Rxa7 Rd2 30. Qb1 Bxd5 31. Rxd7 Qf4 32. g3 Bxf3+ 0-1

[Event "Saratov region op"]
[Site "Saratov"]
[Date "2008.06.05"]
[Round "7"]
[White "Lebedev, Sergey"]
[Black "Nuskhinov, Bair"]
[Result "1-0"]
[WhiteElo "2338"]
[BlackElo "2097"]
[PlyCount "107"]
[EventDate "2008.05.30"]
[EventType "swiss"]
[EventRounds "9"]
[EventCountry "RUS"]
[SourceTitle "CBM 124 Extra"]
[Source "ChessBase"]
[SourceDate "2008.07.03"]
[SourceVersion "1"]
[SourceVersionDate "2008.07.03"]
[SourceQuality "1"]

1. d4 d5 2. c4 e6 3. Nf3 Nf6 4. g3 c6 5. Bg2 Bd6 6. Qc2 0-0 7. Nbd2 Nbd7 8. 0-0 e5 9. cxd5 Nxd5 10. Nc4 Qc7 11. Nxd6 Qxd6 12. Rd1 Nb4 13. Qb3 e4 14. Ng5 Nf6 15. a3 Nbd5 16. Nxe4 Nxe4 17. Bxe4 Re8 18. Bf3 Bf5 19. Bd2 a5 20. a4 b6 21. Rac1 Be4 22. Be1 Qg6 23. Bxe4 Rxe4 24. e3 h5 25. Qc4 Rc8 26. Qf1 h4 27. Qh3 f5 28. Bd2 hxg3 29. hxg3 Ree8 30. Rc4 Kf7 31. Rdc1 Rh8 32. Qg2 Ne7 33. Qf3 Rh4 34. Kf1 Re4 35. b4 axb4 36. Bxb4 Nd5 37. Bd2 Qf6 38. Qh5+ Ke7 39. Kg2 Kd7 40. R4c2 g5 41. Rh1 f4 42. Qg4+ Re6 43. exf4 Qxd4 44. Re1 Rce8 45. Qf5 gxf4 46. Rxc6 Kxc6 47. Rxe6+ Rxe6 48. Qxe6+ Kc5 49. gxf4 Nxf4+ 50. Bxf4 Qxf4 51. Qb3 Qe4+ 52. Kf1 Qh1+ 53. Ke2 Qe4+ 54. Kd2 1-0

[Event "Saratov region op"]
[Site "Saratov"]
[Date "2008.05.30"]
[Round "1"]
[White "Gagarkine, Nikolay"]
[Black "Lebedev, Sergey"]
[Result "1-0"]
[WhiteElo "2006"]
[BlackElo "2338"]
[PlyCount "125"]
[EventDate "2008.05.30"]
[EventType "swiss"]
[EventRounds "9"]
[EventCountry "RUS"]
[SourceTitle "CBM 124 Extra"]
[Source "ChessBase"]
[SourceDate "2008.07.03"]
[SourceVersion "1"]
[SourceVersionDate "2008.07.03"]
[SourceQuality "1"]

1. g3 d5 2. Bg2 e6 3. d3 Be7 4. c3 c5 5. Nd2 Nc6 6. Nh3 h5 7. f3 Qc7 8. e4 h4 9. f4 hxg3 10. hxg3 d4 11. Nf2 Rxh1+ 12. Bxh1 Bd7 13. Nf3 dxc3 14. bxc3 0-0-0 15. Bd2 g5 16. e5 f6 17. Qe2 gxf4 18. Bxf4 f5 19. Nd2 Na5 20. Rb1 Bc6 21. Bxc6 Qxc6 22. Kf1 Bf8 23. Qf3 Ne7 24. Qxc6+ Nexc6 25. Nf3 b6 26. Ke2 Bg7 27. Rh1 Rh8 28. Rd1 c4 29. d4 Ne7 30. Rg1 Nd5 31. Bd2 Bf8 32. g4 fxg4 33. Rxg4 Kd7 34. Rg6 Nc6 35. Ne4 Nd8 36. Nf6+ Kc6 37. Nxd5 Kxd5 38. Bg5 Nc6 39. Bf6 Rh1 40. Rg8 Ba3 41. Rg7 Ra1 42. Ng5 Rxa2+ 43. Kf1 Na5 44. Rd7+ Kc6 45. Rxa7 Bb2 46. Re7 Bxc3 47. Rxe6+ Kb7 48. Rd6 Bb4 49. Rd7+ Kc6 50. e6 c3 51. d5+ Kb5 52. Bxc3 Bc5 53. Ne4 Bf8 54. Bxa5 bxa5 55. d6 Bxd6 56. Nxd6+ Kc6 57. Rd8 Ra1+ 58. Kf2 Ra2+ 59. Kf3 Ra3+ 60. Kf4 Ra4+ 61. Kf5 Ra1 62. e7 Rf1+ 63. Ke5 1-0

[Event "Moscow op-A 04th"]
[Site "Moscow"]
[Date "2008.02.04"]
[Round "3"]
[White "Lebedev, Sergey"]
[Black "Novikov, Valeri"]
[Result "1-0"]
[WhiteElo "2376"]
[BlackElo "2143"]
[PlyCount "85"]
[EventDate "2008.02.02"]
[EventType "swiss"]
[EventRounds "9"]
[EventCountry "RUS"]
[SourceTitle "CBM 122 Extra"]
[Source "ChessBase"]
[SourceDate "2008.03.04"]
[SourceVersion "1"]
[SourceVersionDate "2008.03.04"]
[SourceQuality "1"]

1. d4 d5 2. c4 c6 3. Nf3 Nf6 4. Qc2 g6 5. Bf4 Bg7 6. Nc3 0-0 7. e3 Na6 8. h3 Ne4 9. Be2 Nb4 10. Qb3 a5 11. a3 Nxc3 12. Qxc3 dxc4 13. axb4 axb4 14. Qc1 Rxa1 15. Qxa1 b5 16. 0-0 Qb6 17. Be5 f6 18. Bg3 Bf5 19. Qe1 c5 20. e4 Be6 21. d5 Bf7 22. Qc1 e6 23. Rd1 exd5 24. exd5 Rd8 25. d6 Bf8 26. Qf4 Kg7 27. h4 h6 28. d7 Qe6 29. Qc7 Be7 30. Bf1 c3 31. bxc3 bxc3 32. Bxb5 c2 33. Rf1 Qb3 34. Bc6 g5 35. hxg5 hxg5 36. Qa5 c4 37. Qa1 Rh8 38. Bd5 Bc5 39. Bc7 g4 40. Nd2 g3 41. Nxb3 gxf2+ 42. Rxf2 cxb3 43. Qc1 1-0

[Event "Saratov Aratovsky Memorial 6th"]
[Site "Saratov"]
[Date "2006.12.01"]
[Round "5"]
[White "Lebedev, Sergey"]
[Black "Alavkin, Arseny Nailievich"]
[Result "0-1"]
[WhiteElo "2280"]
[BlackElo "2510"]
[PlyCount "66"]
[EventDate "2006.11.27"]
[EventType "swiss"]
[EventRounds "9"]
[EventCountry "RUS"]
[SourceTitle "EXT 2008"]
[Source "ChessBase"]
[SourceDate "2007.11.25"]
[SourceVersion "1"]
[SourceVersionDate "2007.11.25"]
[SourceQuality "1"]

1. d4 d5 2. c4 c6 3. Nf3 Nf6 4. Qc2 dxc4 5. e4 b5 6. b3 cxb3 7. axb3 a5 8. Bd3 e6 9. Bd2 Be7 10. 0-0 Bb7 11. Re1 Qb6 12. e5 Nd5 13. Bxh7 g6 14. Bxg6 fxg6 15. Qxg6+ Kd7 16. Ng5 c5 17. dxc5 Qc6 18. Ne4 Na6 19. Bg5 Nxc5 20. Nbd2 Bxg5 21. Nxc5+ Qxc5 22. Qxg5 Qe7 23. Qg3 Qh7 24. Ne4 Rag8 25. Ng5 Qh5 26. f4 Nxf4 27. Qxf4 Rxg5 28. Red1+ Kc8 29. Rd2 Rg4 30. Qe3 Qxh2+ 31. Kf1 Qh1+ 32. Ke2 Rxg2+ 33. Kd3 Rd8+ 0-1

[Event "Privolzhskogo FO-ch"]
[Site "Omsk"]
[Date "2004.12.11"]
[Round "2"]
[White "Lebedev, Sergey"]
[Black "Petukhov, Dmitry"]
[Result "0-1"]
[WhiteElo "2268"]
[BlackElo "2248"]
[PlyCount "86"]
[EventDate "2004.12.11"]
[EventType "swiss"]
[EventRounds "5"]
[EventCountry "RUS"]
[SourceTitle "EXT 2006"]
[Source "ChessBase"]
[SourceDate "2005.11.24"]
[SourceVersion "1"]
[SourceVersionDate "2005.11.24"]
[SourceQuality "1"]

1. d4 Nf6 2. c4 g6 3. Nc3 d5 4. cxd5 Nxd5 5. e4 Nxc3 6. bxc3 Bg7 7. Ba3 0-0 8. Nf3 Nd7 9. Qb3 c5 10. Be2 b6 11. 0-0 Qc7 12. Rfe1 Bb7 13. Bf1 h6 14. Rad1 Rad8 15. Bc1 Kh7 16. h3 e6 17. Nh2 Nf6 18. Qb1 Bc6 19. Bb5 Ba8 20. Ba4 Rc8 21. Nf1 Rfd8 22. Ng3 a6 23. Bb3 b5 24. Be3 a5 25. Rd2 c4 26. Bd1 b4 27. Bf3 Rb8 28. Qc1 Ng8 29. e5 Bxf3 30. gxf3 Ne7 31. h4 Nd5 32. Ne4 bxc3 33. Rde2 Qe7 34. h5 gxh5 35. Kg2 Rg8 36. Rh1 f5 37. exf6 Nxf6 38. Kf1 Nxe4 39. fxe4 Qf7 40. Qxc3 Qf3 41. Rg1 Qh3+ 42. Ke1 Rb1+ 43. Kd2 Rxg1 0-1